| 000 | 00372cam a22001217a 4500 | ||
|---|---|---|---|
| 008 | 180718b1957 xxu||||| |||| 00| 0 eng d | ||
| 082 | _aA2:T1 H134 | ||
| 100 | _aHall, Margaret | ||
| 245 |
_aA bibliography in economics for the Oxford Honour School of Philosophy _cby Margaret Hall et. al. |
||
| 260 |
_aLondon _bOUP _c1957 |
||
| 300 | _a80p. | ||
| 650 | _aEcon. - Bibliography | ||
| 999 |
_c367513 _d367513 |
||